| 000 | 00835nac a22002051u 4500 | ||
|---|---|---|---|
| 008 | 100810t1976 ua|||||r|||| 001 0dara d | ||
| 082 |
_bب د و _a268 |
||
| 245 |
_aالإنسان الكامل في الإسلام : _bدراسات و نصوص غير منشورة ألف بينها وترجمها وحققها / _cعبد الرحمن بدوي |
||
| 250 | _aط 2 | ||
| 260 |
_aالكويت : _bوكالة المطبوعات ، _c1976 |
||
| 270 | _a27 شارع فهد السالم | ||
| 300 |
_a223 ص ؛ _c24 سم. |
||
| 490 |
_916636 _a ؛دراسات إسلامية _n11 |
||
| 500 | _aيحتوي على ملاحق | ||
| 511 | _aCatalogued by: Sara | ||
| 541 |
_aألف باء ؛ _cشراء ؛ |
||
| 630 |
_916636 _aدراسات إسلامية |
||
| 650 |
_aالإنسان الكامل _917374 |
||
| 942 |
_cBB _k268ب د و _2ddc |
||
| 999 |
_c7039 _d7039 |
||